| 000 | 00748nam a2200205 4500 | ||
|---|---|---|---|
| 001 | 122490 | ||
| 003 | ES-MaACL | ||
| 005 | 20230906192004.0 | ||
| 007 | t| | ||
| 008 | 070214s1947 sp r ||||1| spa d | ||
| 100 | 1 |
_aMaynard, Harold Bright. _979384 |
|
| 245 | 1 | 0 |
_aPrincipios del estudio de los movimientos / _ctraducido por el personal de MEC de España y preparado por Harold B. Maynard y el personal de Methods Engineering Council. |
| 260 |
_aMadrid : _b[s. n.], _c1947. |
||
| 300 |
_a28 p. : _bil. ; _c23 cm. |
||
| 490 | 1 | _aMétodos de fabricación | |
| 710 | 2 |
_aMethods Engineering Council. _bRama española. _95691 |
|
| 830 | 0 |
_aMétodos de fabricación _9180961 |
|
| 852 |
_aES-MaACL _j2019-F-17 _bR.45835 |
||
| 999 |
_c122490 _d122490 |
||